ბათუმის შოთა რუსთაველის სახელმწიფო უნივერსიტეტის ბიბლიოთეკა

რჩეული ლექსი (ბიბ.ჩანაწერი № 42949)

000 -LEADER
fixed length control field 00848nam a2200229Ia 4500
001 - CONTROL NUMBER
control field 9665
003 - CONTROL NUMBER IDENTIFIER
control field GE_BSU
008 - FIXED-LENGTH DATA ELEMENTS--GENERAL INFORMATION
fixed length control field 181216s||||||||xx |||||||||||||| ||und||
040 ## - CATALOGING SOURCE
Transcribing agency GE_BSU
080 ## - UNIVERSAL DECIMAL CLASSIFICATION NUMBER
Universal Decimal Classification number 821.353.1–1+821.353.1-11
100 ## - MAIN ENTRY--PERSONAL NAME
Personal name მირცხულავა,ალიო
245 ## - TITLE STATEMENT
Title რჩეული ლექსი
245 ## - TITLE STATEMENT
Remainder of title პოემები. დრამატული პოემები
245 ## - TITLE STATEMENT
Statement of responsibility, etc. რედ.ა.ადამია.მხატვ:ლ.გრიგოლია
260 ## - PUBLICATION, DISTRIBUTION, ETC.
Place of publication, distribution, etc. თბილისი
260 ## - PUBLICATION, DISTRIBUTION, ETC.
Name of publisher, distributor, etc. საბჭოთა საქართველო
260 ## - PUBLICATION, DISTRIBUTION, ETC.
Date of publication, distribution, etc. 1961
300 ## - PHYSICAL DESCRIPTION
Extent 595გვ.1ფ.პორტრ.22სმ.
653 ## - INDEX TERM--UNCONTROLLED
Uncontrolled term პოემები. დრამატული პოემები
653 ## - INDEX TERM--UNCONTROLLED
Uncontrolled term რჩეული ლექსი
942 ## - ADDED ENTRY ELEMENTS (KOHA)
Koha item type წიგნი
ეგზემპლარები
Withdrawn status Lost status Damaged status Not for loan Date acquired Barcode Date last seen Price effective from Koha item type
        2018-12-17 32728 2018-12-17 2018-12-17 წიგნი
        2018-12-17 32729 2018-12-17 2018-12-17 წიგნი